[Event "World Blitz 2016"]
[Site "Doha QAT"]
[Date "2016.12.29"]
[Round "7.52"]
[White "Atabayev, Yusup"]
[Black "Saeed, Ishaq"]
[Result "0-1"]
[WhiteTitle "IM"]
[BlackTitle "FM"]
[WhiteElo "2473"]
[BlackElo "2312"]
[WhiteFideId "14001128"]
[BlackFideId "9301453"]
[EventDate "2016.12.29"]

1. d4 Nf6 2. Nc3 d5 3. Bf4 Bf5 4. e3 e6 5. Nf3 h6 6. Ne5 Be7 7. Be2 a6 8. a3 O-O
9. g4 Bh7 10. Rg1 g5 11. Bg3 Nfd7 12. Bd3 Nxe5 13. dxe5 c5 14. Bxh7+ Kxh7 15.
Qd3+ Kg7 16. O-O-O Nc6 17. f4 c4 18. Qd2 b5 19. f5 Bc5 20. Ne2 b4 21. a4 b3 22.
Nd4 Bxd4 23. exd4 bxc2 24. Qxc2 Nb4 25. f6+ Kg8 26. Qc3 Na2+ 27. Kc2 Nxc3 28.
bxc3 Qa5 29. Ra1 Rfb8 0-1

[Event "World Blitz 2016"]
[Site "Doha QAT"]
[Date "2016.12.29"]
[Round "7.53"]
[White "Shytaj, Luca"]
[Black "khayat, Abdullah F"]
[Result "1-0"]
[WhiteTitle "IM"]
[WhiteElo "2435"]
[BlackElo "1732"]
[WhiteFideId "812633"]
[BlackFideId "21500460"]
[EventDate "2016.12.29"]

1. e4 d5 2. exd5 Nf6 3. d4 Nxd5 4. Nf3 Bg4 5. Be2 e6 6. O-O Be7 7. c4 Nf6 8. Be3
O-O 9. h3 Bh5 10. Nc3 c6 11. g4 Bg6 12. Ne5 Nbd7 13. f4 Ne4 14. Nxg6 Nxc3 15.
Nxe7+ Qxe7 16. bxc3 Qh4 17. Kg2 f5 18. g5 h6 19. gxh6 gxh6 20. Qe1 Qf6 21. Kh2
Kh7 22. Rg1 Rg8 23. Qf2 Rg7 24. Rxg7+ Qxg7 25. Rg1 Qf6 26. Qg2 Rf8 27. Bh5 Qd8
28. Qg7# 1-0

[Event "World Blitz 2016"]
[Site "Doha QAT"]
[Date "2016.12.29"]
[Round "8.2"]
[White "Karjakin, Sergey"]
[Black "Anand, Viswanathan"]
[Result "1/2-1/2"]
[WhiteTitle "GM"]
[BlackTitle "GM"]
[WhiteElo "2785"]
[BlackElo "2779"]
[WhiteFideId "14109603"]
[BlackFideId "5000017"]
[EventDate "2016.12.29"]

1. e4 e5 2. Nf3 Nc6 3. Bc4 Bc5 4. O-O Nf6 5. d3 d6 6. a4 h6 7. c3 a5 8. Nbd2 O-O
9. Re1 Ne7 10. Nf1 c6 11. Ng3 Bb6 12. Bb3 Ng6 13. h3 Re8 14. d4 Be6 15. Bc2 Bc7
16. Be3 d5 17. exd5 Bxd5 18. Bxg6 fxg6 19. Nxe5 Bxe5 20. dxe5 Rxe5 21. Bd4 Rxe1+
22. Qxe1 Qd6 23. Qd2 Re8 24. Re1 Rxe1+ 25. Qxe1 Bb3 26. Ne4 Nxe4 27. Qxe4 Qe6
28. Qf4 Qf7 29. Qe5 Bxa4 30. Qxa5 Bb3 31. Qe5 g5 32. f3 1/2-1/2

[Event "World Blitz 2016"]
[Site "Doha QAT"]
[Date "2016.12.29"]
[Round "8.3"]
[White "Jobava, Baadur"]
[Black "Riazantsev, Alexander"]
[Result "0-1"]
[WhiteTitle "GM"]
[BlackTitle "GM"]
[WhiteElo "2702"]
[BlackElo "2671"]
[WhiteFideId "13601520"]
[BlackFideId "4125029"]
[EventDate "2016.12.29"]

1. d4 Nf6 2. Nc3 d5 3. Bf4 a6 4. e3 e6 5. a3 c5 6. Nf3 Nc6 7. h3 Be7 8. Bd3 c4
9. Be2 b5 10. O-O O-O 11. Re1 Bb7 12. Ne5 Nxe5 13. Bxe5 Bd6 14. Bxd6 Qxd6 15.
Qd2 Rad8 16. b4 Ne4 17. Nxe4 dxe4 18. a4 e5 19. c3 f5 20. axb5 axb5 21. Ra7 Qb6
22. Ra5 f4 23. Bf1 exd4 24. exd4 Kh8 25. Qd1 Rde8 26. Qg4 h6 27. Qh5 Bc6 28. Qc5
Qxc5 29. bxc5 Rb8 30. Rb1 Rfd8 31. Ra6 Bd5 32. Ra5 Bc6 33. Ra6 Bd5 34. Be2 e3
35. Bf3 Bxf3 36. gxf3 b4 37. cxb4 Rxd4 38. c6 e2 39. Raa1 c3 40. Kg2 c2 41. Rc1
Rd1 42. b5 e1=Q 0-1

[Event "World Blitz 2016"]
[Site "Doha QAT"]
[Date "2016.12.29"]
[Round "8.4"]
[White "Yu, Yangyi"]
[Black "Bu, Xiangzhi"]
[Result "1-0"]
[WhiteTitle "GM"]
[BlackTitle "GM"]
[WhiteElo "2729"]
[BlackElo "2705"]
[WhiteFideId "8603820"]
[BlackFideId "8601445"]
[EventDate "2016.12.29"]

1. e4 e5 2. Nf3 Nc6 3. d4 exd4 4. Nxd4 Bb4+ 5. c3 Bc5 6. Be3 Bb6 7. Nf5 g6 8.
Bxb6 axb6 9. Ne3 Nf6 10. f3 O-O 11. c4 Nh5 12. Qd2 f5 13. Nc3 f4 14. Ned5 Qh4+
15. Qf2 Qd8 16. Nb5 Ne5 17. Nbxc7 Ra5 18. Qxb6 Qh4+ 19. Kd2 Ng3 20. hxg3 Qxh1
21. Qxa5 Nxc4+ 22. Bxc4 Qxa1 23. Ne7+ Kg7 24. Qe5+ Kh6 25. Ng8+ Rxg8 26. Bxg8 d6
27. Qxf4+ Kg7 28. Qf7+ Kh6 29. Qxh7+ Kg5 30. Qh4# 1-0

[Event "World Blitz 2016"]
[Site "Doha QAT"]
[Date "2016.12.29"]
[Round "8.7"]
[White "Lu, Shanglei"]
[Black "Salem, A.R. Saleh"]
[Result "0-1"]
[WhiteTitle "GM"]
[BlackTitle "GM"]
[WhiteElo "2627"]
[BlackElo "2656"]
[WhiteFideId "8603332"]
[BlackFideId "9301348"]
[EventDate "2016.12.29"]

1. e4 c5 2. Nf3 d6 3. d4 cxd4 4. Nxd4 Nf6 5. Nc3 a6 6. h3 e6 7. g4 Be7 8. g5
Nfd7 9. h4 b5 10. a3 Bb7 11. Be3 Nc6 12. Nxc6 Bxc6 13. Qd2 Rb8 14. Be2 a5 15. b4
O-O 16. h5 axb4 17. axb4 Ra8 18. O-O Ne5 19. h6 gxh6 20. Rxa8 Bxa8 21. gxh6 Kh8
22. Bd4 Rg8+ 23. Kh2 Qf8 24. Be3 f5 25. f3 Qf6 26. Bf2 f4 27. Qd1 0-1

[Event "World Blitz 2016"]
[Site "Doha QAT"]
[Date "2016.12.29"]
[Round "8.8"]
[White "Artemiev, Vladislav"]
[Black "Bortnyk, Olexandr"]
[Result "1/2-1/2"]
[WhiteTitle "GM"]
[BlackTitle "GM"]
[WhiteElo "2653"]
[BlackElo "2581"]
[WhiteFideId "24101605"]
[BlackFideId "14120828"]
[EventDate "2016.12.29"]

1. d4 d6 2. Nf3 Nf6 3. Bg5 Nbd7 4. Nbd2 g6 5. e4 Bg7 6. c3 O-O 7. Bd3 b6 8. O-O
Bb7 9. Re1 e5 10. a4 a6 11. d5 h6 12. Bh4 Qe8 13. a5 b5 14. b4 Nh5 15. Bc2 Nf4
16. Bg3 c5 17. dxc6 Bxc6 18. Nf1 Qe7 19. Qd2 Rac8 20. Rad1 Bb7 21. Qxd6 Qxd6 22.
Rxd6 Nb8 23. Re3 Rc7 24. Bb3 Rfc8 25. h3 Rxc3 26. Rxc3 Rxc3 27. Rd8+ Bf8 28.
Rxb8 Bxe4 29. Bxf4 exf4 30. N1d2 Bxf3 31. gxf3 Rd3 32. Ra8 Rxd2 33. Rxa6 Rb2 34.
Bd5 Bxb4 35. Ra8+ Kg7 36. Ra7 Kf6 37. a6 Rb1+ 38. Kg2 Ra1 39. Rxf7+ Ke5 40. Be4
Rxa6 41. Rb7 Ra5 42. Bd3 Kd4 43. Bxb5 Bc5 44. Rd7+ Ke5 45. Bc4 Bd6 46. Bd3 g5
47. Rh7 Ra2 48. Bc4 Rc2 49. Bb3 Rb2 50. Ba4 Bc5 51. Bc6 Rxf2+ 52. Kh1 Rf1+ 53.
Kg2 Rg1+ 54. Kh2 Rc1 55. Rxh6 Rc2+ 56. Kh1 Rc1+ 57. Kg2 Rc2+ 58. Kh1 Bf2 59. Be4
Rb2 60. Ra6 Bh4 61. Ra4 Rd2 62. Kg1 Bg3 63. Kf1 Rh2 64. Ra5+ Kd4 65. Rd5+ Kc4
66. Rxg5 Rxh3 67. Rg8 Rh1+ 68. Kg2 Rh2+ 69. Kg1 Rb2 70. Rd8 Bf2+ 71. Kf1 Be3 72.
Rd7 Rf2+ 73. Ke1 Rg2 74. Kf1 Rh2 75. Ke1 Bd4 76. Rc7+ Bc5 77. Rd7 Kc3 78. Rd3+
Kc4 79. Rd7 Rg2 80. Kf1 Rh2 81. Ke1 Bb4+ 82. Kf1 Bc5 83. Ke1 Be3 84. Rc7+ Kd4
85. Rd7+ Ke5 86. Rd5+ Ke6 87. Rb5 1/2-1/2

[Event "World Blitz 2016"]
[Site "Doha QAT"]
[Date "2016.12.29"]
[Round "8.9"]
[White "Adly, Ahmed"]
[Black "Aronian, Levon"]
[Result "1-0"]
[WhiteTitle "GM"]
[BlackTitle "GM"]
[WhiteElo "2599"]
[BlackElo "2785"]
[WhiteFideId "10601619"]
[BlackFideId "13300474"]
[EventDate "2016.12.29"]

1. d4 Nf6 2. Nf3 d5 3. c4 e6 4. g3 Bb4+ 5. Bd2 Be7 6. Qc2 Nbd7 7. Bg2 c6 8. O-O
O-O 9. b3 Ne4 10. Nc3 Nxd2 11. Qxd2 Bb4 12. a3 Ba5 13. b4 Bc7 14. c5 f5 15. b5
Nf6 16. Qc2 Ne4 17. a4 Bd7 18. Rab1 Be8 19. e3 Qf6 20. Ne2 g5 21. Nd2 Bg6 22.
bxc6 bxc6 23. Nxe4 fxe4 24. Rb7 Rf7 25. a5 Bh5 26. Nc3 Bf3 27. Qa4 e5 28. dxe5
Bxe5 29. Rxf7 Kxf7 30. Na2 Bxg2 31. Kxg2 h5 32. Nb4 Rc8 33. Nxd5 Qf5 34. f3 Kg7
35. Ne7 exf3+ 36. Rxf3 Qd3 37. Nxc8 h4 38. Qg4 Qe2+ 39. Kh3 Kh6 40. Rf6+ 1-0

[Event "World Blitz 2016"]
[Site "Doha QAT"]
[Date "2016.12.29"]
[Round "8.13"]
[White "Grischuk, Alexander"]
[Black "Wojtaszek, Radoslaw"]
[Result "1-0"]
[WhiteTitle "GM"]
[BlackTitle "GM"]
[WhiteElo "2737"]
[BlackElo "2749"]
[WhiteFideId "4126025"]
[BlackFideId "1118358"]
[EventDate "2016.12.29"]

1. c4 e6 2. g3 d5 3. Bg2 Nf6 4. Nf3 dxc4 5. Qa4+ Bd7 6. Qxc4 c5 7. Ne5 Qc8 8.
Qd3 Nc6 9. Nxd7 Nxd7 10. Qb5 Nde5 11. f4 a6 12. Qa4 Nd7 13. Bxc6 bxc6 14. Na3
Nb6 15. Qe4 Be7 16. b3 Qd7 17. Bb2 O-O 18. d3 Qd5 19. Nc4 Nxc4 20. bxc4 Qxe4 21.
dxe4 Rab8 22. Bc3 f5 23. e5 Rfd8 24. Kf2 Kf7 25. Rab1 h5 26. Rb3 Rxb3 27. axb3
Rb8 28. Rb1 g5 29. Ke3 g4 30. Kd3 h4 31. Kc2 h3 32. Ra1 Ra8 33. Be1 Ke8 34. Bf2
Kd7 35. Kc3 a5 36. Kc2 Kc7 37. Be3 Kb6 38. b4 a4 39. bxc5+ Kc7 40. Kc3 Rb8 41.
Rxa4 Rb1 42. Ra7+ Kd8 43. Ra8+ Kd7 44. Ra7+ Kd8 45. Ra8+ Kd7 46. Ra7+ Ke8 47.
Rc7 Rh1 48. Rxc6 Rxh2 49. Rxe6 Rxe2 50. Kd3 Ra2 51. c6 Kf7 52. Rh6 Ra3+ 53. Kd4
Bf8 54. c7 Ra8 55. Rh5 Rc8 56. Rxf5+ Ke6 57. Rh5 Rxc7 58. f5+ Kf7 59. Bg5 Rd7+
60. Ke4 Rd1 61. e6+ Kg7 62. Bh6+ Kg8 63. f6 Bd6 64. Bf4 Re1+ 65. Kf5 Bc5 66. f7+
Kg7 67. Be5+ Rxe5+ 68. Kxe5 Kg6 69. Rh4 Be7 70. Kf4 Kg7 71. Rxg4+ Kh7 72. Kf3 1-0

[Event "World Blitz 2016"]
[Site "Doha QAT"]
[Date "2016.12.29"]
[Round "8.15"]
[White "Bok, Benjamin"]
[Black "Mamedov, Rauf"]
[Result "1-0"]
[WhiteTitle "GM"]
[BlackTitle "GM"]
[WhiteElo "2598"]
[BlackElo "2688"]
[WhiteFideId "1017063"]
[BlackFideId "13401653"]
[EventDate "2016.12.29"]

1. e4 c5 2. Nf3 Nc6 3. Bb5 g6 4. Bxc6 bxc6 5. O-O Bg7 6. Re1 Nh6 7. c3 O-O 8. h3
f5 9. e5 Nf7 10. d3 Ba6 11. c4 d6 12. e6 Ne5 13. Nxe5 Bxe5 14. Nd2 Bg7 15. Nf3
d5 16. Qa4 Qc8 17. Ne5 dxc4 18. dxc4 f4 19. Bd2 Rf5 20. Bc3 Bxe5 21. Bxe5 Qxe6
22. Bc3 Qxc4 23. Qxc6 Rc8 24. Qd7 Qb5 25. Qe6+ Rf7 26. Qe5 Rf6 27. Qxe7 Rf7 28.
Qe5 1-0

[Event "World Blitz 2016"]
[Site "Doha QAT"]
[Date "2016.12.29"]
[Round "8.16"]
[White "Ivanchuk, Vassily"]
[Black "Bologan, Victor"]
[Result "1-0"]
[WhiteTitle "GM"]
[BlackTitle "GM"]
[WhiteElo "2747"]
[BlackElo "2640"]
[WhiteFideId "14100010"]
[BlackFideId "13900048"]
[EventDate "2016.12.29"]

1. e4 c5 2. Nf3 d6 3. d4 cxd4 4. Nxd4 Nf6 5. Nc3 a6 6. Be2 e5 7. Nb3 Be7 8. O-O
O-O 9. Kh1 Nc6 10. Be3 Be6 11. f3 a5 12. Nd2 a4 13. Nc4 Bxc4 14. Bxc4 Qa5 15. a3
Rfc8 16. Qd3 Nd7 17. Nd5 Bd8 18. Rad1 Nc5 19. Qe2 Ne6 20. c3 Rab8 21. Bb5 h6 22.
g3 Ra8 23. f4 exf4 24. gxf4 Nc5 25. e5 Na7 26. Bc4 dxe5 27. fxe5 Ne6 28. Qf3
Rxc4 29. Qxf7+ Kh8 30. Qxe6 Bg5 31. Bxg5 hxg5 32. Ne7 Qa6 33. Rd6 Rc6 34. Qh3# 1-0

[Event "World Blitz 2016"]
[Site "Doha QAT"]
[Date "2016.12.29"]
[Round "8.17"]
[White "Melkumyan, Hrant"]
[Black "Khusnutdinov, Rustam"]
[Result "0-1"]
[WhiteTitle "GM"]
[BlackTitle "GM"]
[WhiteElo "2633"]
[BlackElo "2458"]
[WhiteFideId "13302485"]
[BlackFideId "13701703"]
[EventDate "2016.12.29"]

1. Nf3 c5 2. c4 Nc6 3. Nc3 Nf6 4. e3 e5 5. d4 e4 6. d5 exf3 7. dxc6 dxc6 8.
Qxd8+ Kxd8 9. gxf3 Be6 10. b3 Kc7 11. Bb2 Be7 12. Bd3 Rhd8 13. Ke2 g6 14. h4 a6
15. Rad1 b5 16. Rc1 Kb6 17. Ne4 Nxe4 18. fxe4 Bg4+ 19. f3 Bxf3+ 20. Kxf3 Rxd3
21. Rc2 h5 22. Be5 Rd7 23. Bc3 Re8 24. Rd2 Rxd2 25. Bxd2 Kc7 26. Bc3 Kd7 27. Ke2
Ke6 28. Be1 Bf6 29. Ba5 Bd8 30. Be1 Re7 31. Bf2 Rd7 32. Rc1 Be7 33. Bg3 a5 34.
a4 Rb7 35. Be1 bxa4 36. bxa4 Rb2+ 37. Kf3 Ra2 38. Bxa5 Bxh4 39. e5 Rxa4 40. Bc7
Be7 41. Ke4 g5 42. Kd3 g4 43. Rh1 h4 44. Ke2 Rxc4 45. Kd3 Ra4 46. Rb1 h3 47. Rb6
Kd5 48. e6 fxe6 49. Rb8 Ra3+ 50. Ke2 Ke4 51. Re8 Ra2+ 52. Kd1 Kd3 53. Kc1 Bg5
54. Rxe6 h2 55. Rd6+ Kc3 0-1

[Event "World Blitz 2016"]
[Site "Doha QAT"]
[Date "2016.12.29"]
[Round "8.20"]
[White "Matlakov, Maxim"]
[Black "Mchedlishvili, Mikheil"]
[Result "1-0"]
[WhiteTitle "GM"]
[BlackTitle "GM"]
[WhiteElo "2694"]
[BlackElo "2601"]
[WhiteFideId "4168003"]
[BlackFideId "13600966"]
[EventDate "2016.12.29"]

1. Nf3 Nf6 2. g3 d5 3. Bg2 c6 4. O-O Bf5 5. d3 h6 6. c4 e6 7. cxd5 exd5 8. Qb3
Qb6 9. Qc2 Be7 10. Nc3 O-O 11. e4 Bh7 12. Be3 Qa6 13. Rad1 Nbd7 14. h3 Rad8 15.
Rfe1 Bb4 16. e5 Ne8 17. a3 Be7 18. Qd2 Nc7 19. d4 Ne6 20. h4 Kh8 21. Bh3 Rde8
22. Ne2 Rg8 23. Nf4 Ndf8 24. Bf1 Qb6 25. Bd3 Nxf4 26. Bxf4 Ne6 27. Bxh7 Kxh7 28.
Be3 Qd8 29. Kg2 Qd7 30. Rh1 Rgf8 31. Qd3+ Kg8 32. Qf5 Bd8 33. Ng5 g6 34. Qh3
Bxg5 35. hxg5 h5 36. f4 Re7 37. f5 gxf5 38. Qxh5 1-0

[Event "World Blitz 2016"]
[Site "Doha QAT"]
[Date "2016.12.29"]
[Round "8.21"]
[White "Nguyen, Ngoc Truong Son"]
[Black "Atabayev, Maksat"]
[Result "0-1"]
[WhiteTitle "GM"]
[BlackTitle "GM"]
[WhiteElo "2629"]
[BlackElo "2492"]
[WhiteFideId "12401110"]
[BlackFideId "14001101"]
[EventDate "2016.12.29"]

1. d4 Nf6 2. Nf3 d5 3. Bf4 Bf5 4. e3 e6 5. a3 Be7 6. c4 c6 7. Nc3 h6 8. Be2 O-O
9. h3 Nbd7 10. O-O Ne4 11. Rc1 a5 12. Qb3 Qb6 13. Qa2 Rfc8 14. Rfd1 a4 15. Bd3
Nxc3 16. Rxc3 Bxd3 17. Rdxd3 Qa6 18. Rd1 Nb6 19. Nd2 dxc4 20. Nxc4 Nd5 21. Rcd3
Nxf4 22. exf4 Rd8 23. Ne3 Qb5 24. R3d2 Rd7 25. Qc4 Qa5 26. f5 exf5 27. d5 Bg5
28. f4 Bf6 29. Rd3 Qb6 30. Kh2 Re8 31. dxc6 Rxd3 32. Rxd3 bxc6 33. Nxf5 Qb5 34.
Qxb5 cxb5 35. b3 Ra8 36. Nd6 Rd8 37. bxa4 bxa4 38. Rd2 Be7 39. Nc4 Rxd2 40. Nxd2
Bxa3 41. Kg3 Bb4 0-1

[Event "World Blitz 2016"]
[Site "Doha QAT"]
[Date "2016.12.29"]
[Round "8.22"]
[White "Salinas Herrera, Pablo"]
[Black "Naiditsch, Arkadij"]
[Result "0-1"]
[WhiteTitle "IM"]
[BlackTitle "GM"]
[WhiteElo "2466"]
[BlackElo "2687"]
[WhiteFideId "3407128"]
[BlackFideId "4650891"]
[EventDate "2016.12.29"]

1. e4 c5 2. Nf3 Nc6 3. Bb5 Nf6 4. Bxc6 dxc6 5. d3 Bg4 6. h3 Bxf3 7. Qxf3 g6 8.
O-O Bg7 9. Nc3 O-O 10. Be3 Nd7 11. Qe2 Qa5 12. Bd2 Qb6 13. Rab1 Qa6 14. a3 b5
15. Nd1 Rab8 16. Kh1 c4 17. f4 cxd3 18. cxd3 Rfd8 19. e5 c5 20. Nf2 Nf8 21. Be3
Ne6 22. Ne4 Rd5 23. Rfc1 Rc8 24. Rc3 f5 25. Nd2 Rcd8 26. Nb3 b4 27. axb4 cxb4
28. Rc4 Rxd3 29. Rxb4 Rd1+ 30. Qxd1 Rxd1+ 31. Rxd1 Qe2 32. Rd7 Qe1+ 0-1

[Event "World Blitz 2016"]
[Site "Doha QAT"]
[Date "2016.12.29"]
[Round "8.23"]
[White "Banikas, Hristos"]
[Black "Dreev, Aleksey"]
[Result "1-0"]
[WhiteTitle "GM"]
[BlackTitle "GM"]
[WhiteElo "2568"]
[BlackElo "2652"]
[WhiteFideId "4202031"]
[BlackFideId "4100107"]
[EventDate "2016.12.29"]

1. Nf3 d5 2. d4 Nf6 3. c4 c6 4. e3 Bf5 5. Nc3 e6 6. Nh4 Be4 7. f3 Bg6 8. Qb3 Qc7
9. Bd2 Be7 10. Nxg6 hxg6 11. g3 a6 12. Rc1 dxc4 13. Bxc4 b5 14. Be2 Nbd7 15. e4
Qa7 16. e5 Nh5 17. Ne4 Qxd4 18. Bc3 Qe3 19. Bd2 Qxb3 20. axb3 Nxe5 21. f4 Nd7
22. Rxc6 f5 23. Rxe6 Kf7 24. Rxe7+ Kxe7 25. Bb4+ Kd8 26. Ba5+ Ke7 27. Bb4+ Kd8
28. Ba5+ Ke8 29. Nd6+ Ke7 30. Bb4 a5 31. Nxf5+ Kf6 32. Bc3+ Kxf5 33. g4+ Ke6 34.
gxh5 Nf6 35. hxg6 b4 36. Be5 Rad8 37. Bc4+ Kf5 38. h4 Kxg6 39. Rg1+ Kh7 40. Ke2
Rhe8 41. Bd3+ Kh8 42. Bg6 Re7 43. Kf3 Rf8 44. h5 Nxh5 45. Bd6 Nxf4 46. Bxe7
Nxg6+ 47. Bxf8 Nxf8 48. Ra1 Ne6 49. Rxa5 Nd4+ 50. Ke3 Nxb3 51. Rb5 Kh7 52. Rxb4
Nc5 53. Rc4 Nd7 54. b4 Kg6 55. Rc7 Ne5 56. b5 1-0

[Event "World Blitz 2016"]
[Site "Doha QAT"]
[Date "2016.12.29"]
[Round "8.25"]
[White "Volokitin, Andrei"]
[Black "Amonatov, Farrukh"]
[Result "1-0"]
[WhiteTitle "GM"]
[BlackTitle "GM"]
[WhiteElo "2649"]
[BlackElo "2620"]
[WhiteFideId "14107090"]
[BlackFideId "14700077"]
[EventDate "2016.12.29"]

1. e4 c5 2. Nf3 d6 3. d4 cxd4 4. Nxd4 Nf6 5. Nc3 a6 6. h3 e5 7. Nb3 h5 8. Bg5
Be7 9. Qd3 Be6 10. Bxf6 Bxf6 11. O-O-O Be7 12. Nd5 Bg5+ 13. Kb1 Nd7 14. g3 O-O
15. Be2 g6 16. Rdf1 Bh6 17. f4 Bxd5 18. Qxd5 Nf6 19. Qd3 d5 20. fxe5 Nxe4 21.
Bf3 Nxg3 22. Bxd5 Nxf1 23. Qxg6+ Bg7 24. Rg1 1-0

[Event "World Blitz 2016"]
[Site "Doha QAT"]
[Date "2016.12.29"]
[Round "8.26"]
[White "Tomashevsky, Evgeny"]
[Black "Flores, Diego"]
[Result "1/2-1/2"]
[WhiteTitle "GM"]
[BlackTitle "GM"]
[WhiteElo "2716"]
[BlackElo "2579"]
[WhiteFideId "4147235"]
[BlackFideId "108049"]
[EventDate "2016.12.29"]

1. c4 c5 2. Nf3 Nc6 3. Nc3 g6 4. e3 Nf6 5. d4 cxd4 6. exd4 d5 7. cxd5 Nxd5 8.
Qb3 Nxc3 9. Bc4 Nd5 10. Bxd5 e6 11. Bxc6+ bxc6 12. O-O f6 13. Be3 Be7 14. Rfc1
Qd5 15. Qc3 Bd7 16. Ne1 Kf7 17. Nd3 Rab8 18. Rc2 g5 19. b3 h5 20. Nc5 Bc8 21.
Qa5 h4 22. h3 g4 23. hxg4 h3 24. f3 hxg2 25. Kxg2 Rb5 26. Qc7 e5 27. Re1 Bxg4
28. Rf2 Rh3 29. dxe5 Rxf3 30. e6+ Kg6 31. Kg1 Rxf2 32. Bxf2 Bh3 33. Qg3+ Qg5 34.
Qxg5+ fxg5 35. Ne4 Re5 36. Nd2 Rxe1+ 37. Bxe1 Bxe6 38. Bf2 c5 39. Ne4 c4 40.
bxc4 Bxc4 41. Nxg5 a5 42. Ne4 Bxa2 43. Nc3 Bb3 44. Kf1 Bb4 45. Bd4 Kf5 46. Ke2
Bc4+ 47. Ke3 Ke6 48. Kd2 Kd6 49. Kc2 Kc6 50. Kb2 1/2-1/2

[Event "World Blitz 2016"]
[Site "Doha QAT"]
[Date "2016.12.29"]
[Round "8.27"]
[White "Cheparinov, Ivan"]
[Black "Bindrich, Falko"]
[Result "1/2-1/2"]
[WhiteTitle "GM"]
[BlackTitle "GM"]
[WhiteElo "2689"]
[BlackElo "2590"]
[WhiteFideId "2905540"]
[BlackFideId "4676670"]
[EventDate "2016.12.29"]

1. d4 Nf6 2. c4 e6 3. Nf3 d5 4. g3 Bb4+ 5. Bd2 Bd6 6. Bg2 O-O 7. O-O c6 8. Nc3
Nbd7 9. b3 dxc4 10. bxc4 e5 11. e3 Re8 12. Qc2 exd4 13. exd4 Nf8 14. h3 g6 15.
Qb3 Qb6 16. c5 Qxb3 17. axb3 Bc7 18. b4 Bf5 19. b5 Ne4 20. bxc6 bxc6 21. d5 Nxc3
22. Bxc3 cxd5 23. Nd4 Be4 24. Nb5 Ne6 25. Rfd1 a6 26. Nxc7 Nxc7 27. f3 Bc2 28.
Rd2 Bb3 29. Bf1 Bc4 30. Ba5 Nb5 31. Bxc4 dxc4 32. Rc1 c3 33. Bxc3 Nxc3 34. Rxc3
Rec8 35. Kf2 a5 36. Ke3 a4 37. Ra2 Ra5 38. Kd4 a3 39. g4 h6 40. h4 Kf8 41. h5
gxh5 42. gxh5 Kg7 43. Raxa3 Rcxc5 44. Rxc5 Rxa3 45. Rf5 1/2-1/2

[Event "World Blitz 2016"]
[Site "Doha QAT"]
[Date "2016.12.29"]
[Round "8.28"]
[White "Howell, David W L"]
[Black "Svane, Rasmus"]
[Result "1/2-1/2"]
[WhiteTitle "GM"]
[BlackTitle "GM"]
[WhiteElo "2644"]
[BlackElo "2555"]
[WhiteFideId "410608"]
[BlackFideId "4657101"]
[EventDate "2016.12.29"]

1. Nf3 d5 2. g3 g6 3. Bg2 Bg7 4. d4 Nd7 5. O-O Ngf6 6. b3 O-O 7. Bb2 b6 8. c4 e6
9. Nc3 Bb7 10. cxd5 exd5 11. Rc1 c5 12. e3 Qe7 13. Qe2 Rfd8 14. Rfd1 Rac8 15.
Na4 Nf8 16. Rc2 Ne6 17. Rdc1 Ne4 18. Qd1 c4 19. Nc3 Nxc3 20. Bxc3 b5 21. Ba5 Re8
22. Qd2 Bf8 23. Bh3 f5 24. Bg2 Ba8 25. h4 Bg7 26. Bb4 Qd8 27. Ba5 Qd7 28. Qb4
Nd8 29. Qd2 Nc6 30. Bc3 Bf8 31. Ne5 Nxe5 32. dxe5 Qe6 33. Rd1 Red8 34. Ba5 Rd7
35. Bc3 Bc6 36. Kh2 Rb8 37. b4 a5 38. a3 axb4 39. axb4 Ra8 40. Qc1 Ra4 41. Qb2
h6 42. Rcd2 g5 43. hxg5 hxg5 44. f4 g4 45. Kg1 Ra8 46. Kf2 Ra4 47. Qb1 Ra8 48.
Qb2 Rad8 49. Bd4 Ra8 50. Bc3 1/2-1/2

[Event "World Blitz 2016"]
[Site "Doha QAT"]
[Date "2016.12.29"]
[Round "8.29"]
[White "Halkias, Stelios"]
[Black "Vallejo Pons, Francisco"]
[Result "1-0"]
[WhiteTitle "GM"]
[BlackTitle "GM"]
[WhiteElo "2585"]
[BlackElo "2711"]
[WhiteFideId "4201809"]
[BlackFideId "2205530"]
[EventDate "2016.12.29"]

1. Nf3 e6 2. c4 f5 3. g3 b6 4. Bg2 Bb7 5. O-O Nf6 6. d3 a5 7. Nc3 Bb4 8. Bd2 Na6
9. a3 Be7 10. Rb1 O-O 11. Qc2 Qe8 12. Nb5 c6 13. Nc3 c5 14. Nb5 Qd8 15. Bf4 d6
16. Rbd1 e5 17. Bg5 Nc7 18. Bxf6 Bxf6 19. Nxc7 Qxc7 20. Nd2 Bxg2 21. Kxg2 Rae8
22. e4 Bg5 23. Nf3 Qe7 24. Qe2 Bh6 25. Ne1 a4 26. Rb1 Rf7 27. b3 axb3 28. Rxb3
Qb7 29. Qf3 Ref8 30. exf5 Qc7 31. Qd5 Kh8 32. Nf3 Rxf5 33. Nh4 R5f6 34. Kg1 Bd2
35. Qe4 Ba5 36. Ng2 Qf7 37. Qe2 d5 38. Ne3 dxc4 39. dxc4 Rf3 40. Rd3 h6 41. Nd5
Qf5 42. Rxf3 Qxf3 43. Qxe5 Qxa3 44. Nf4 Kg8 45. Qe6+ Rf7 46. Ng6 Qd3 47. Qe8+ 1-0

[Event "World Blitz 2016"]
[Site "Doha QAT"]
[Date "2016.12.29"]
[Round "8.30"]
[White "Li, Chao b"]
[Black "Agdestein, Simen"]
[Result "1-0"]
[WhiteTitle "GM"]
[BlackTitle "GM"]
[WhiteElo "2720"]
[BlackElo "2602"]
[WhiteFideId "8604436"]
[BlackFideId "1500015"]
[EventDate "2016.12.29"]

1. d4 e6 2. Nf3 f5 3. g3 Nf6 4. Bg2 d5 5. O-O Bd6 6. c4 c6 7. Qc2 O-O 8. Nc3 Bd7
9. Bg5 h6 10. Bf4 Bxf4 11. gxf4 Be8 12. c5 Nbd7 13. b4 Ne4 14. Ne5 Nxc3 15. Qxc3
Nxe5 16. dxe5 Kh8 17. Kh1 Rg8 18. Rg1 b5 19. a4 a6 20. axb5 axb5 21. Rxa8 Qxa8
22. Ra1 Qd8 23. Ra7 g5 24. Qh3 h5 25. Qe3 g4 26. Qa3 h4 27. Kg1 h3 28. Bf1 Rg7
29. Ra8 Qd7 30. e3 Kh7 31. Bd3 Bg6 32. Qa6 d4 33. Qc8 Qxc8 34. Rxc8 dxe3 35.
fxe3 Rd7 36. Bf1 Rd1 37. Rxc6 g3 38. hxg3 h2+ 39. Kxh2 Rxf1 40. Rxe6 Bh5 41. Kh3
Rh1+ 42. Kg2 Rb1 43. Kh3 Rh1+ 44. Kg2 Rb1 45. Rb6 Rxb4 46. Kh3 Rb3 47. Kh4 Bf3
48. Kg5 Rxe3 49. Rxb5 Be4 50. e6 Rxg3+ 51. Kf6 Rg6+ 52. Ke5 Rg7 53. Rb6 Ra7 54.
c6 Kg6 55. Kd6 Kf6 56. c7 Ra8 57. Rb8 Ra6+ 58. Kd7 Bc6+ 59. Kd8 Ra1 60. c8=Q 1-0

[Event "World Blitz 2016"]
[Site "Doha QAT"]
[Date "2016.12.29"]
[Round "8.31"]
[White "Mareco, Sandro"]
[Black "Belyakov, Bogdan"]
[Result "1-0"]
[WhiteTitle "GM"]
[BlackTitle "IM"]
[WhiteElo "2635"]
[BlackElo "2487"]
[WhiteFideId "112275"]
[BlackFideId "24104795"]
[EventDate "2016.12.29"]

1. Nf3 Nf6 2. c4 g6 3. Nc3 Bg7 4. e4 d6 5. d4 O-O 6. Be2 e5 7. O-O exd4 8. Nxd4
Nc6 9. Be3 Re8 10. f3 Nh5 11. Nc2 Be6 12. Qd2 f5 13. Rad1 Qe7 14. Nd5 Qf7 15. b3
Kh8 16. Bd3 Ne5 17. exf5 gxf5 18. Be2 c6 19. Nf4 Nxf4 20. Bxf4 Rad8 21. Nd4 Bc8
22. Rfe1 Qg6 23. Kh1 Rg8 24. Bf1 Bf6 25. Qf2 Qh5 26. Nc2 Ng6 27. Bxd6 f4 28. c5
Bh4 29. Qd4+ Rg7 30. Bc4 Bg3 31. Qg1 Bxe1 32. Qxe1 Bd7 33. Rd2 Re8 34. Re2 Rxe2
35. Qxe2 Qf5 36. h3 h5 37. Nd4 Qb1+ 38. Kh2 Bxh3 39. gxh3 Nh4 40. Qe8+ 1-0